Wieloczłonowe nazwy państw bez przymiotników - Statystyki

Ogólne statystyki
  • Ten quiz został rozwiązany 319 razy
  • Średni wynik to 3 z 7
Statystyki odpowiedzi
Państwo % Poprawnych
Trynidad i Tobago
58%
Antigua i Barbuda
56%
Wyspy Marshalla
49%
Gwinea Bissau
48%
Bośnia i Hercegowina
47%
Wyspy Salomona
47%
Sierra Leone
35%
Nie znaleziono quizów pasujących do podanych kryteriów
Rozkład punktacji
Procent ludzi z każdym wynikiem
Percentyl według liczby udzielonych odpowiedzi
Twoja historia wyników
Nie rozwiązałeś tego quizu